000 00507nam a22001817a 4500
003 OSt
005 20140310182217.0
008 130907t xxu||||| |||| 00| 0 eng d
050 _aBL 725
_b.C853 1997
082 _aHS 292.211
_bC83 1997
100 _aCouch, Malcolm
_916199
245 _aGreek & Roman mythology /
_cMalcolm Couch.
260 _aLondon :
_bTiger Books,
_cc1997.
300 _a128 p. ;
_bill col. ;
_c30 cm.
650 _aMythology, Classical
_917133
942 _2lcc
_cHS
999 _c10628
_d10628